• 首页
  • 本馆介绍
  • 公告通知
  • 最新文献
  • 馆藏检索
  • 电子资源
  • 读者导购
  • 参考咨询
  • 我的图书馆
  • 登录
  • 详细信息显示
  • 放入我的书架
  • 预约/预借图书
  • 作者相关作品
  • 分类相关作品
  • 丛书相关作品
  • 出版社相关作品

书目信息

  • 表格格式
  • 工作单格式
  • 卡片格式
题名:
用人之道
    
 
作者: 霍小娟 译注
分册:  
出版信息: 北京   中国人民大学出版社  2015
页数: 303页
开本: 26cm
丛书名:
单 册:
中图分类: C96-092
科图分类:
主题词: 人才学--Ren Cai Xue--语录--中国--古代--干部教育--教材
电子资源:
ISBN: 978-7-300-21299-9
000 01029nam0 22002651 450
001 350289
005 20161008162444.81
010    @a978-7-300-21299-9@dCNY58.00
100    @a20151021d2015 em y0chiy50 ea
101 0  @achi
102    @aCN@b110000
105    @ay z 000yy
106    @ar
200 1  @a用人之道@AYong Ren Zhi Dao@f霍小娟译注
210    @a北京@c中国人民大学出版社@d2015
215    @a303页@d26cm
300    @a全国领导干部国学教育系列教材/徐鸿武总编 全国高级行政干部国学教材
300    @a国家文化战略重点课题“中华优秀传统文化传承体系构建研究”成果
304    @a中国国学文化艺术中心组编
330    @a本书将古代用人之道的阐述分为七部分:人才的作用、人才的识别、人才的选拔、人才的使用、人才的考核、人才的任用以及人才的培养。每部分由三到四个相关主题组成,各主题语录按历代时间顺序排列。
606 0  @a人才学@ARen Cai Xue@x语录@y中国@z古代@x干部教育@j教材
690    @aC96-092@v5
701  0 @a霍小娟@AHuo Xiao Juan@c(高等教育)@4译注
801  0 @aCN@bTANGWEI@c20160803
905    @b0889280-4@dC96-092@e78@f5
    
    用人之道/霍小娟译注 .-北京:中国人民大学出版社,2015
    303页;26cm
    全国领导干部国学教育系列教材/徐鸿武总编 全国高级行政干部国学教材.-国家文化战略重点课题“中华优秀传统文化传承体系构建研究”成果
    
    ISBN 978-7-300-21299-9:CNY58.00
    本书将古代用人之道的阐述分为七部分:人才的作用、人才的识别、人才的选拔、人才的使用、人才的考核、人才的任用以及人才的培养。每部分由三到四个相关主题组成,各主题语录按历代时间顺序排列。
●
相关链接 在E读中查询图书 在五车中查询图书 在当当中查询图书 在豆瓣中查询图书


正题名:用人之道     索取号:C96-092/78         预约/预借

序号 登录号 条形码 馆藏地/架位号 状态 备注
1 0889280   208892803   第一样本阅览室/ [索取号:C96-092/78] 在馆    
2 0889281   208892812   第一借阅区/ [索取号:C96-092/78] 在馆    
3 0889282   208892821   第一借阅区/ [索取号:C96-092/78] 在馆    
4 0889283   208892830   第一借阅区/ [索取号:C96-092/78] 在馆    
5 0889284   208892849   第一借阅区/ [索取号:C96-092/78] 在馆    
唐山师范学院图书馆 欢迎您!
大连网信软件有限公司© 版权所有